Súper poderes animales (Registro nro. 17318)

Detalles MARC
000 -LDR (LÍDER)
Campo de control de longitud fija 01179nam a2200313 a 4500
003 - IDENTIFICADOR DEL NÚMERO DE CONTROL
Campo de control CO-PeBPR
005 - FECHA Y HORA DE LA ÚLTIMA TRANSACCIÓN
Campo de control 20260419091547.0
008 - ELEMENTOS DE DATOS DE LONGITUD FIJA--INFORMACIÓN GENERAL
Campo de control de longitud fija 231129t2023 ck a br ||| 00| j spa d
020 ## - Código Internacional normalizado para libros
Código Internacional normalizado para libros 9789586657884
040 0# - FUENTE DE CATALOGACIÓN
Agencia catalogadora original CO-PeBPR
Idioma de la agencia catalogadora spa
Agencia que transcribe CO-PeBPR
Norma para la descripción rda
041 0# - Código del Idioma
Código idioma del recurso original spa
082 04 - NÚMERO DE CLASIFICACIÓN DECIMAL DEWEY
Número de clasificación (i) 577 R763s
100 1# - ASIENTO PRINCIPAL--NOMBRE PERSONAL
Nombre personal Romero Mariño, Soledad
Términos de relación autora
9 (RLIN) 279691
245 10 - MENCIÓN DE TÍTULO
Título propiamente dicho Súper poderes animales
Mención de responsabilidad / Soledad Romero Mariño ; ilustraciones de Sonia Pulido ; traducción de Diana Novell
250 ## - MENCIÓN DE EDICIÓN
Mención de edición Edición especial
264 #1 - Área de la Producción Publicación, Distribución, Manufactura, etc.
Lugar de publicación, distribución, etc. Bogotá, Colombia
Nombre de la editorial, distribuidor, etc. : Siglo del Hombre Editores
Fecha de publicación, distribución, etc. , 2023
300 ## - DESCRIPCIÓN FÍSICA
Extensión 55 páginas
Otros detalles físicos : ilustraciones a color
Dimensiones ; 30 centímetros
336 ## - Tipo de Contenido
Tipo de contenido texto
Código de tipo de contenido txt
337 ## - Tipo de Medio
Tipo de Medio sin mediación
Código de tipo de medio n
Fuente rdamedia
338 ## - Tipo de Soporte
Tipo de soporte volumen
Código de tipo de soporte nc
Fuente rdacarrier
521 1# - NOTA DE AUDIENCIA
Nota de audiencia Recomendado para un público infantil a partir de los 6 años
650 14 - ASIENTO SECUNDARIO DE MATERIA - TÉRMINO TEMÁTICO
Fuente del encabezado o término LEMB
Encabezamiento temático Álbumes infantiles españoles
9 (RLIN) 2651
650 14 - ASIENTO SECUNDARIO DE MATERIA - TÉRMINO TEMÁTICO
Fuente del encabezado o término LEMB
Encabezamiento temático Literatura infantil española
9 (RLIN) 926
650 14 - ASIENTO SECUNDARIO DE MATERIA - TÉRMINO TEMÁTICO
Fuente del encabezado o término LEMB
Encabezamiento temático Autoras españolas
9 (RLIN) 81764
650 14 - ASIENTO SECUNDARIO DE MATERIA - TÉRMINO TEMÁTICO
Fuente del encabezado o término LEMB
Encabezamiento temático Animales en la literatura
9 (RLIN) 378
700 1# - ASIENTO SECUNDARIO - NOMBRE PERSONAL
Nombre personal Pulido, Sonia
Término de relación, rol en la obra ilustradora
9 (RLIN) 279692
700 1# - ASIENTO SECUNDARIO - NOMBRE PERSONAL
Nombre personal Novell, Diana
Término de relación, rol en la obra traductora
9 (RLIN) 279693
942 ## - ENTRADA DE ELEMENTOS AGREGADOS (KOHA
Fuente de clasificación o esquema de estantería. Dewey Decimal Classification
Tipo de ítem Literatura Infantil
Existencias
Estado de pérdida Fuente del sistema de clasificación o colocación Estado de daño No disponible para préstamo Colección Biblioteca de origen Biblioteca actual Ubicación en estantería Signatura topográfica completa Ejemplar Código de barras Tipo de ítem Fecha de adquisición Fuente de adquisición Total de pagos Fecha de la última vez visto
  Dewey Decimal Classification     Infantil Biblioteca Pública Municipal Isaías Naranjo Ríos Biblioteca Pública Municipal Isaías Naranjo Ríos Área Infantil A ROM13 Ej. 12 API01 - 3414 Literatura Infantil 12/02/2023 Dotación MinCultura y BNC   06/02/2025
  Dewey Decimal Classification     Infantil Sala de Patrimonio Bibliográfico y Documental - Biblioteca Departamental Sala de Patrimonio Bibliográfico y Documental - Biblioteca Departamental Área Infantil (i) 577 R763s Ej.1 RIBPD14765 Literatura Infantil 19/04/2026 Dotación MinCultura y BNC   19/04/2026